LEADER 01528nam a2200265 i 4500 001 000000026880 003 CaOOAMICUS 005 20231211125940.0 008 180830n it u000 u ita u 040 $aSeMil$bita 100 1 $aPolignac, Melchior : de,$d<1661-1741>.$0(OLS)http://semarc/name/12195 240 10$aAnti-Lucretius, sive de Deo et natura libri novem.$0(OLS)http://semarc/title/36323 245 10$aAnti-Lucrezio ovvero Di dio e della natura libri nove. Opera postuma del cardinale Melchiore di Polignac di latino trasportata in verso sciolto italiano da don Francesco-Maria Ricci ... Tomo 1. [-2.]. 264 1$aIn Verona :$bper Agostino Carattoni stampatore del Seminario vescovile,$c1751. 300 $a2 v. ;$c8°. 500 $aFregio sui front. 500 $aTarlature sui piatti anteriori di entrambi i volumi 500 $aFront. del v. 1 stampato in rosso e nero 700 1 $aRicci, Francesco Maria .$0(OLS)http://semarc/name/12194 700 1 $aCarattoni, Agostino,$c.$0(OLS)http://semarc/name/12196 774 0 $tTomo 1.$g1$w()213716 774 0 $tTomo 2.$g2$w()213717 996 $6245$aAnti-Lucrezio ovvero Di dio e della natura libri nove. Opera postuma del cardinale Melchiore di Polignac di latino trasportata in verso sciolto italiano da don Francesco-Maria Ricci ... Tomo 1. [-2.]$9(OLS)http://semarc/title/36322 996 $6264$aIn Verona :$bper Agostino Carattoni stampatore del Seminario vescovile$9(OLS)http://semarc/publisher/61418 LEADER 00614nab a2200145 i 4500 001 000000270789 003 CaOOAMICUS 005 20090403000000.0 008 090403n xx uu u0 0und r 013 $a17636 040 $aSeMil$bita 245 13$aIl viaggio che ti cambia lo sguardo :$bvent'anni di Giovani e Missione. - 82 p. - Titolo principale dalla copertina. 500 $aAPRILE 2009. 773 0 $t[2009 : Gennaio-Maggio].$dMilano : PIMEdit, 2009.$w()177521 996 $6245$aIl viaggio che ti cambia lo sguardo :$bvent'anni di Giovani e Missione. - 82 p. - Titolo principale dalla copertina.$9(OLS)http://semarc/title/359650